| 000 | 00792nam0a22002411 4500 | ||
|---|---|---|---|
| 001 | rc\705043 | ||
| 005 | 20250621220112.0 | ||
| 035 | _a(NLR Aleph) 005940558 | ||
| 090 |
_a6674440 _c6674440 |
||
| 100 | _a20031121d1985 |||y0rusy50 ca | ||
| 101 | 0 | _arus | |
| 102 | _aRU | ||
| 105 | _aa ||||||||| | ||
| 200 | 1 |
_aЭкономить, беречь, умножать _e[Опыт экономии металла] |
|
| 210 |
_aКрасноярск _cКн. изд-во _d1985 |
||
| 215 |
_a102 с. _cил. _d17 |
||
| 225 | 1 |
_aВсероссийская серия "Экономия и бережливость" _v1 |
|
| 700 | 1 |
_aШлома _bВ.М. _gВалерий Михайлович |
|
| 801 | 0 |
_aRU _bNLR _gpsbo |
|
| 801 | 1 |
_aRU _bELAR _2rusmarc |
|
| 852 |
_aNLR _j85-2/3798 |
||
| 942 | _cBOOK | ||
| 980 | _aNB | ||